000 01222nam0a2200325 4500
001 RU\NLR\bibl\1783783
005 20260406124347.0
010 _a978-5-17-072292-1
_95000
021 _aRU
_b2011-41072
_92914
035 _a(NLR Aleph) 001774521
090 _a1658787
_c1658787
100 _a20110629d2011 |||y0rusy50 ca
101 0 _arus
102 _aRU
105 _ay |||||||||
200 1 _aУроки Ога Мандино
_e17 законов величайшего успеха в мире
_fАлександр Филд
210 _aМосква
_cАСТ
_cПолиграфиздат
_d2011
215 _a188, [1] с.
_d21
225 1 _aЛучшие шпаргалки для будущего богача
606 1 _aУспех
_jПопулярные издания
_xСоциально-психологические исследования
_92074287
_3RU\NLR\auth\661249276
686 _aС550.354я9
700 1 _aФилд
_bА.
_gАлександр
_4070
702 1 _4570
_8rus
_7ca
_aМандино
_bО.
_gОг
_3RU\NLR\auth\771067
_9111101
801 0 _aRU
_bNLR
_c20110629
_gRCR
801 1 _aRU
_bNLR
_c20110629
830 _aпо кн
942 _cBOOK
980 _aNB